झुंजार सेनापती संताजी घोरपडे / (Record no. 71478)
[ view plain ]
| 000 -LEADER | |
|---|---|
| fixed length control field | 01257nam a22002657a 4500 |
| 005 - DATE AND TIME OF LATEST TRANSACTION | |
| control field | 20121010141910.0 |
| 008 - FIXED-LENGTH DATA ELEMENTS--GENERAL INFORMATION | |
| fixed length control field | 121010t xxu||||| |||| 00| 0 mar d |
| 010 ## - LCCN (DPL NO) | |
| LC control number | MAR-22761 |
| 020 ## - INTERNATIONAL STANDARD BOOK NUMBER | |
| Terms of availability | 200.00 |
| 035 ## - SYSTEM CONTROL NUMBER | |
| System control number | MR-15419 |
| 037 ## - SOURCE OF ACQUISITION | |
| Source of stock number/acquisition | DBAD/PUB |
| 040 ## - CATALOGING SOURCE | |
| Original cataloging agency | DPL |
| Language of cataloging | MR |
| 082 ## - DEWEY DECIMAL CLASSIFICATION NUMBER | |
| Classification number | 891.463 |
| 100 ## - MAIN ENTRY--PERSONAL NAME | |
| 9 (RLIN) | 53016 |
| Personal name | बागुल, प्रभाकर |
| 245 ## - TITLE STATEMENT | |
| Title | झुंजार सेनापती संताजी घोरपडे / |
| Statement of responsibility, etc | प्रभाकर बागुल |
| 246 ## - VARYING FORM OF TITLE | |
| Title proper/short title | Jhunjar Senapati Santaji Ghorpade |
| Remainder of title | by Prabhakar Bagul |
| 260 ## - PUBLICATION, DISTRIBUTION, ETC. (IMPRINT) | |
| Place of publication, distribution, etc | सोलापूर |
| Name of publisher, distributor, etc | स्वरूपदीप प्रकाशन |
| Date of publication, distribution, etc | 2012 |
| 270 ## - ADDRESS | |
| City | सोलापूर |
| Address | ब्लॉक नं. 12 ब,अ-यशवंत हौसिंग सोसायटी मुमताजनगरजवळ, |
| Postal code | 413006 |
| 300 ## - PHYSICAL DESCRIPTION | |
| Extent | 200पृ. |
| Dimensions | 21सेमी(अजिल्द) |
| 650 ## - SUBJECT ADDED ENTRY--TOPICAL TERM | |
| Topical term or geographic name as entry element | मराठी कादंबरी |
| 9 (RLIN) | 53620 |
| 650 ## - SUBJECT ADDED ENTRY--TOPICAL TERM | |
| Topical term or geographic name as entry element | Marathi Fiction |
| 9 (RLIN) | 53621 |
| 700 ## - ADDED ENTRY--PERSONAL NAME | |
| 9 (RLIN) | 53616 |
| 942 ## - ADDED ENTRY ELEMENTS (KOHA) | |
| Source of classification or shelving scheme | Dewey Decimal Classification |
| Item type | Marathi Books |
| Call number suffix | बागुल |
| Classification part | 891.463 |
| Withdrawn status | Lost status | Source of classification or shelving scheme | Damaged status | Not for loan | Collection code | Home library | Current library | Date acquired | Source of acquisition | Cost, normal purchase price | Total Checkouts | Full call number | Barcode | Date last seen | Copy number | Cost, replacement price | Koha item type |
|---|---|---|---|---|---|---|---|---|---|---|---|---|---|---|---|---|---|
| Dewey Decimal Classification | Not For Loan | Fiction | D.B.Act.Division | D.B.Act.Division | 16/11/2012 | DBAD / PUB | 200.00 | 891.463 बागुल | MR-15419 | 16/11/2012 | 1 | 200.00 | Marathi Books |
